• 首页
  • 本馆介绍
  • 公告通知
  • 最新文献
  • 馆藏检索
  • 电子资源
  • 读者导购
  • 参考咨询
  • 我的图书馆
  • 登录
  • 详细信息显示
  • 放入我的书架
  • 预约/预借图书
  • 作者相关作品
  • 分类相关作品
  • 丛书相关作品
  • 出版社相关作品

书目信息

  • 表格格式
  • 工作单格式
  • 卡片格式
题名:
Front Page98轻松进阶
    
 
作者: (美)Gene Weisskopf著
分册:  
出版信息: 北京   电子工业出版社  1998.04
页数: 316页
开本: 16开
丛书名:
单 册:
中图分类: TP314
科图分类:
主题词: 软件
电子资源:
ISBN: 7-5053-4750-0
000 00601nam0 2200193 45
001 9911301546
005 19991130153319.4
010    @a7-5053-4750-0@d35.00
100    @a19991130d1998 km y0chiy0120 ea
101    @achi
105    @a z 000yy
200 1  @aFront Page98轻松进阶@AFront Page98 Qing Song Jin Jie@f(美)Gene Weisskopf著@F(Mei)Gene Weisskopf Zhu@g胡希平等译
210    @a北京@c电子工业出版社@d1998.04
215    @a316页@c图表@d16开
300    @a附录:安装和启动FrontPage等
606 0  @a软件
690    @aTP314@v3
801    @aCN@bPerfectUser@c19991130
905    @aBZT@b67649-651@f4@dTP314@e3
    
    Front Page98轻松进阶/(美)Gene Weisskopf著/胡希平等译.-北京:电子工业出版社,1998.04
    316页:图表;16开
    附录:安装和启动FrontPage等
    
    ISBN 7-5053-4750-0:35.00
    
●
相关链接 在五车中查询图书 在当当中查询图书 在豆瓣中查询图书


正题名:Front Page98轻松进阶     索取号:TP314/3         预约/预借

序号 登录号 条形码 馆藏地/架位号 状态 备注
1 67649   200392501   中心书库中库/ 中库027架B面6列3层37/ [索取号:TP314/3] 在馆    
2 67650   200392495   中心书库中库/ 中库027架B面6列3层24/ [索取号:TP314/3] 在馆    
3 67651   200392556   中心书库中库/ 中库027架B面6列3层23/ [索取号:TP314/3] 在馆    
4 69286   200392538   中心书库中库/ 中库027架B面6列3层36/ [索取号:TP314/3] 在馆    
山东省滨州职业学院图书馆 欢迎您!
大连网信软件有限公司© 版权所有